[Event "World Cup"]
[Site "Khanty-Mansiysk"]
[Date "2009.11.28"]
[Round "3.2"]
[White "Areshchenko, Alexander"]
[Black "Jakovenko, Dmitrij"]
[Result "1-0"]
[WhiteElo "2664"]
[BlackElo "2736"]
[Annotator "Postny,E"]
[PlyCount "121"]
[EventDate "2009.11.21"]
[EventType "k.o."]
[EventRounds "7"]
[EventCountry "RUS"]
[SourceTitle "CBM 134"]
[Source "ChessBase"]
[SourceDate "2010.01.18"]
[SourceVersion "1"]
[SourceVersionDate "2010.01.18"]
[SourceQuality "1"]

1. e4 e5 2. Nf3 Nc6 3. d4 exd4 4. Nxd4 Nf6 5. Nxc6 bxc6 6. e5 Qe7 7. Qe2 Nd5 8.
c4 Ba6 9. Nd2 O-O-O 10. b3 f6 {This line leads to a queen swap at an early
stage.} ({In the recent top encounter appeared:} 10... g5 11. Bb2 Bg7 12. O-O-O
Nb6 13. h4 g4 14. f4 gxf3 15. Nxf3 c5 16. Qe1 Bb7 17. Bd3 $14 {1/2-1/2
Radjabov,T (2757)-Topalov,V (2813)/Nanjing CHN 2009/The Week in Chess 778 (64)}
) 11. Bb2 fxe5 12. O-O-O {White must hide his king before recapturing the Pe5.}
Nf6 ({It is also possible to protect the pawn by} 12... Re8 {. This position
didn't appear on top level still. White has a certain compensation for the
pawn, for instanse:} 13. g3 (13. Nf3 $6 e4 14. Ne5 Qg5+ 15. Qd2 e3 $1 16. fxe3
Bb4 17. Qd4 Qxe3+ 18. Kb1 Qxd4 19. Bxd4 Ne3 20. Bxe3 Rxe5 $15) 13... Nf6 14.
Bh3 Kb8 15. Rhe1 d6 16. Bg2 Bb7 17. f4 $5 exf4 18. Qf1 Qf7 19. Qxf4 $44) 13.
Qxe5 Qxe5 14. Bxe5 Ng4 15. Bg3 (15. Bd4 c5 16. Be2 cxd4 17. Bxg4 Bb7 18. Bf3
Re8 $11 {1/2-1/2 Sulskis,S (2555)-Hernandez Carmenates,H (2473)/Yucatan 2004/
CBM 103 ext (69)}) 15... Ba3+ 16. Kb1 {If White will manage to complete the
development smoothly, then he will enjoy a stable advantage thanks to a
superior structure. However, Black's temporary initiative gives him sufficient
counterplay.} (16. Kc2 Rhf8 17. Nf3 Bc5 18. Rd2 d5 (18... Rde8 19. Bd3 Bb4 20.
Re2 Rxe2+ 21. Bxe2 Bd6 $11 {1-0 Novikov,S (2545)-Turov,M (2539)/Sochi 2006/CBM
111 ext (45)}) 19. Bh4 (19. cxd5 $142 Bxf1 20. Rxf1 cxd5 21. Kb1 $1 $14 {
[%csl Rc7][%cal Gf1c1,Gd2c2]}) 19... Nf6 20. cxd5 Bxf1 21. Rxf1 cxd5 $11 {
1-0 Amonatov,F (2558)-Kuznetsov,V (2399)/Voronezh 2003/CBM 094 ext (60)}) 16...
Rhf8 17. Nf3 Bc5 18. Rd2 Nf6 (18... d5 $2 19. Rc2 {and Black will have serious
problems along the "c" line.}) 19. Bd3 Rde8 20. Bf5 Re7 21. Ne5 (21. Rhd1 Bb4
22. Rd3 Nd5 23. Nd4 Nc3+ 24. Rxc3 Bxc3 25. Nxc6 Re1 26. Bxd7+ Kb7 27. Rxe1 Bxe1
28. Nd4 Bxf2 29. Ne6 Bxg3 30. Nxf8 Bxh2 31. Nxh7 Kb6 {[%cal Ga6b7] and this
endgame should end in a draw. A pair of bishops compensate the lack of a pawn.}
) 21... Bb7 22. Rhd1 Bd6 23. Ng4 Bxg3 $2 {If wasn't easy to calculate all the
lines. Instead, Black had two satisfactory continuations.} (23... Bb4 24. Nxf6
Bxd2 25. Bxd7+ Kb8 26. Nxh7 Rd8 27. Rxd2 Rexd7 28. Rxd7 Rxd7 29. Kc2 Re7 30.
Kd2 Rd7+ 31. Ke2 Re7+ $11) (23... Ne4 24. Bxe4 Bxg3 25. Bxh7 Bf4 26. Ne3 (26.
Rd3 $6 c5 27. f3 $140 g6 $1 28. Bxg6 Rg7 29. Bh5 Rg5 $17 {[%csl Rh5]}) 26... c5
27. Nd5 Bxd5 28. Rxd5 Bd6 29. f3 Rh8 30. Be4 Rxh2 $11) 24. Nxf6 Rxf6 25. Rxd7
Rxd7 26. Bxd7+ Kb8 27. fxg3 c5 28. Rd2 Rd6 29. Kc1 (29. Rxd6 $2 cxd6 30. Bh3 {
Obviously White doesn't have any winning chances with such a passive bishop.})
29... Bxg2 30. Bf5 Rxd2 31. Kxd2 g6 $2 {Intuitively, I am sure that this is
the decisive mistake. The pawns on light squares will become a target later on.
} (31... h6 $1 32. Ke3 g5 {was the only way.} 33. Be4 Bh3 34. Kf3 Be6 35. Bg6
Kc8 36. Ke4 Kd7 37. Ke5 Ke7 {White got the important e5 square, but is it
enough for claiming the point? I don't think so. For example:} 38. Be4 a5 39.
Bc6 Bg8 40. Bf3 Bh7 41. Bg4 Bg8 42. Bf5 Bf7 43. Be4 Be6 44. h4 gxh4 45. gxh4
Bg8 {and Black holds.}) 32. Bc2 Kc8 33. Ke3 Kd7 34. Kf4 Ke6 {Black controls
the e5 square, but it's only temporary.} 35. Kg5 Kf7 36. Kh6 Kg8 37. h4 Bf3 38.
Bd3 Bd1 39. Be4 a5 40. Bd5+ Kh8 41. Be4 Kg8 42. Bd3 Kh8 43. Kg5 Kg7 44. g4 $1 {
Areshchenko found the right plan.} Bf3 45. Kf4 Bb7 46. Be4 Bc8 47. g5 Kf7 48.
Ke5 {Now it's clearly won for White.} Ke7 49. Bf3 Be6 50. Bc6 Bf7 51. Bd5 Be8
52. Be4 c6 53. Bf3 Bd7 54. Bg2 Be8 55. Bh3 Bf7 56. a4 $1 Bg8 (56... Be8 57. Be6
$18) 57. Bg2 {White wins the Pc6 and gets the crucial d5 square for the king.
The rest is easy.} Be6 58. Bxc6 Bf5 59. Kd5 Bc2 60. Kxc5 Bxb3 61. Kb5 {[%mdl
4096]} 1-0

[Event "World Cup"]
[Site "Khanty-Mansiysk"]
[Date "2009.11.24"]
[Round "2.1"]
[White "Morozevich, Alexander"]
[Black "Laznicka, Viktor"]
[Result "0-1"]
[WhiteElo "2750"]
[BlackElo "2637"]
[Annotator "Postny,E"]
[PlyCount "94"]
[EventDate "2009.11.21"]
[EventType "k.o."]
[EventRounds "7"]
[EventCountry "RUS"]
[SourceTitle "CBM 134"]
[Source "ChessBase"]
[SourceDate "2010.01.18"]
[SourceVersion "1"]
[SourceVersionDate "2010.01.18"]
[SourceQuality "1"]

1. e4 e5 2. Nf3 Nc6 3. d4 exd4 4. Nxd4 Bc5 5. Nxc6 Qf6 6. Qf3 bxc6 7. Nc3 d6 8.
Qg3 Qg6 9. Bd2 {Morozevich's patent.} Rb8 $1 {[%mdl 8] Important novelty. I
suppose this idea was prepared by Viktor Laznicka at home.} ({Few weeks before
Morozevich achieved a slight advantage after} 9... Nf6 10. f3 O-O 11. O-O-O Nd7
12. Qxg6 hxg6 13. h4 $14 {1/2-1/2 Morozevich,A (2750)-Leko,P (2752)/Moscow RUS
2009/The Week in Chess 783 (39)}) 10. Bd3 (10. Qxg6 hxg6 11. Na4 Bd4 $11) 10...
Bd4 (10... Rxb2 $2 11. Na4 Qxg3 12. hxg3 Rb7 13. Nxc5 dxc5 14. Be3 $16) 11. Ne2
$6 {This idea didn't really work in current game.} (11. Na4 c5 12. c3 Bf6 $11 {
[%csl Ra4]}) 11... Bxb2 $1 {Accepting the challenge.} 12. Rb1 Rb6 $1 {Later on
Black would be ready to sacrifice an exchange for a positional compensation.} (
12... Be5 $4 {would fall into a neat trap:} 13. Rxb8 Bxg3 14. Rxc8+ Kd7 15.
Nxg3 $1 Kxc8 16. e5 $1 {The queen is trapped!} Qe6 17. Bf5 $18) 13. O-O Qxg3
14. hxg3 Ne7 ({Black should not spend tempoes for saving his extra pawn:} 14...
Ba3 $6 15. Be3 c5 16. Nc3 c6 17. Bf4 Ke7 18. e5 d5 19. Rb3 Rxb3 20. axb3 Bb4
21. Na4 $14) 15. Ba5 Ba3 16. Nc3 {White correctly does not want to take
exchange. This would give Black a perfect pawn structure and a pair of bishops.
} Be6 (16... Rxb1 17. Rxb1 Kd7 18. Na4 Re8 19. Rb8 c5 20. Bb5+ c6 21. Be2 Bb4
22. Bxb4 cxb4 23. Rxb4 Kc7 $15) 17. Na4 Kd7 18. f4 (18. Nxb6+ axb6 19. Bc3 f6
$15 {In this position Black's prospects are more pleasant. He has a pawn for
an exchange and most probably will win the Pa2 as well. Meanwhile, White
doesn't have any real play.}) 18... f6 19. e5 $6 {Desperately trying to open
up the position in order to harass the black monarch.} fxe5 20. fxe5 dxe5 (
20... Rxb1 21. Rxb1 dxe5 22. Rb7 Bd6 23. Rxa7 Bf5 {with a winning advantage
for Black.}) 21. Rbd1 Bd6 $6 (21... Nd5 $17 {[%cal Gd5e3]}) 22. Be2 $1 Bf5 $2 {
Giving White a chance to get back into the game. In fact, after a couple of
inaccuracies the position became unclear again.} (22... Nd5 23. c4 $1 Ne3 24.
c5 Nxf1 25. Kxf1 Rbb8 26. cxd6 Rhf8+ 27. Kg1 cxd6 28. Nc5+ Ke7 29. Nxe6 Kxe6
30. Bc7 d5 31. Bg4+ Ke7 32. Bxe5 $13) (22... Bd5 23. Bxb6 (23. c4 $2 Ra6 $17)
23... axb6 24. c4 Ra8 25. cxd5 Rxa4 26. dxc6+ Kxc6 27. Rf7 $13) 23. Rd2 $2 {
Returning the favour.} (23. c4 $1 Bc2 (23... c5 24. Nxc5+ Kc8 25. Bxb6 axb6 26.
Nb3 $14) 24. Nxb6+ axb6 25. Bg4+ Ke8 26. Rd2 $14) {[%tqu "En","What would you
suggest for Black?","","","b6b5","Sacrificing the exchange on the other
square! Probably Alexander underestimated this idea.",10]} 23... Rb5 $1 {
[%mdl 512] Sacrificing the exchange on the other square! Probably Alexander
underestimated this idea.} 24. Bxb5 cxb5 {Black has all the reasons to be
happy, his structure got drastically improved.} 25. Nc5+ Kc6 26. Nb3 Bg6 $17 {
Black is clearly better as he has two pawns for an exchange and a pair of
strong bishops. The king feels quite comfortable on c6.} 27. Bc3 Nf5 28. Rb1
Ne3 29. a4 a6 30. axb5+ axb5 31. Re2 Nc4 {The most practical move, not giving
White any counterchances} (31... Bxc2 32. Na5+ Kb6 33. Rc1 Bc5 34. Kh1 Rd8 $1
35. Rexc2 Nxc2 36. Rxc2 Rd6 {[%cal Gd6h6]} 37. Bd2 Rd3 {is winning for Black
as well, but nobody wants to give a piece without any reason.}) 32. Ra1 Rb8 33.
g4 b4 34. Be1 Rb5 35. Bg3 Rd5 36. Kh2 Na3 37. Rc1 Kb5 $19 38. c3 Ka4 $1 {
The king himself assists his army to win the battle!} 39. Rb2 Nc4 40. Ra1+ Kb5
41. Rba2 bxc3 42. Ra8 c2 43. Nc1 Rd1 44. Ne2 Rxa1 45. Rxa1 Nd2 46. Re1 Nb3 47.
Nc3+ Kb4 0-1

[Event "American Continental 3rd"]
[Site "Buenos Aires"]
[Date "2005.08.11"]
[Round "6"]
[White "Shabalov, Alexander"]
[Black "Granda Zuniga, Julio E"]
[Result "0-1"]
[WhiteElo "2593"]
[BlackElo "2601"]
[Annotator "Postny,E"]
[PlyCount "106"]
[EventDate "2005.08.06"]
[EventType "swiss"]
[EventRounds "11"]
[EventCountry "ARG"]
[SourceTitle "CBM 109"]
[Source "ChessBase"]
[SourceDate "2005.11.14"]
[SourceVersion "1"]
[SourceVersionDate "2005.11.14"]
[SourceQuality "1"]

1. e4 e5 2. Nf3 Nc6 3. d4 exd4 4. Nxd4 Nf6 5. Nxc6 bxc6 6. e5 Qe7 7. Qe2 Nd5 8.
c4 Ba6 9. b3 g6 ({Another popular continuation is} 9... g5 {with the same idea
of fianchetting the bishop, but also preventing from White the advance f2-f4.})
10. f4 Bg7 11. Qf2 {Moving the queen out of the pin along the a6-f1 diagonal.}
Nf6 (11... Nb6 {- Tseshkovsky,V-Harikrishna,P/Hastings 2002/CBM 93 [Postny,E]})
12. Ba3 (12. Bd3 $2 Ng4 13. Qe2 Nxe5 $1 14. fxe5 Qxe5 (14... Bxe5 $19) 15. Nc3
Qxe2+ 16. Kxe2 Bxc3 17. Rb1 O-O-O $19 {0-1 Turzo,A-Jakovenko,D/Budapest 1995 
(42)}) (12. Be2 {- see the games Morozevich,A-Salinnikov,D/Tomsk 1998/CBM 67 
[Mikhalevski,V] and Svidler,P-Rizouk,A/Shenyang 2000/CBM 79 [Mikhalevski,V]})
12... Ng4 (12... d6 13. Nd2 Nd7 14. Be2 O-O 15. O-O c5 16. Bf3 Rae8 17. Ne4
dxe5 18. Nxc5 e4 19. Rae1 f5 20. Nxa6 Qxa3 21. Nxc7 Rd8 22. Bd1 Qd6 {1/2-1/2
Bisby,D-Nixon,T/West Bromwich 2003}) 13. Qe2 ({The exchange of queens} 13. Bxe7
$2 Nxf2 14. Kxf2 Kxe7 {is clearly in Black's favour.}) 13... Qe6 {Black is now
threatening to take on e5, so White can't play 14.h3 now.} 14. Nc3 (14. Nd2 f5
(14... d6 $142) 15. h3 Nh6 16. Nf3 O-O-O 17. O-O-O Rhe8 18. Qd2 c5 19. Bxc5 Bb7
20. Ng5 Qc6 21. Bd4 d6 22. e6 Bxd4 23. Qxd4 $18 {1-0 Delchev,A-Sidorenko,A/
Bled 2002 (61)}) 14... O-O-O 15. h3 Nh6 16. O-O-O (16. Qf2 $6 d6 $1 17. Qxa7
Bb7 $36) 16... d6 17. Ne4 Qf5 $5 $146 ({The only preceding game ended with a
perpetual check after:} 17... dxe5 18. Nc5 Qe7 19. Rxd8+ Rxd8 20. g4 e4 21.
Qxe4 Qf6 22. Bd3 Qa1+ 23. Bb1 Qc3+ 24. Bc2 Qa1+ 25. Bb1 Qc3+ 26. Bc2 {1/2-1/2
Pulido,A-Otero,D/Cuba 2000}) 18. exd6 (18. g3 $5 {deserves serious attention:}
dxe5 19. Rxd8+ Rxd8 20. Bb2) 18... Qxf4+ 19. Rd2 $2 {After this move black can
make use of the pin along the h6-c1 diagonal.} (19. Kb1 Nf5 $1 (19... Rhe8 $2
20. d7+ Rxd7 21. Nd6+ {[%csl Re8]}) 20. Bc1 (20. d7+ $6 Rxd7 21. Rxd7 Kxd7 22.
g4 (22. Nc5+ $2 Kc8 23. Nxa6 Ng3 $19) 22... Nd4 23. Nc5+ Kc8 $15) 20... Qe5 21.
Bb2 Qxb2+ 22. Qxb2 Bxb2 23. d7+ Rxd7 24. Rxd7 Kxd7 25. Kxb2 {White is a pawn
down, but Black's damaged pawn structure on the queenside gives him a certain
compensation.}) 19... Nf5 20. g3 {This pawn sacrifice does not really work,
but the alternatives are not better.} (20. Qg4 Bh6 $17 {The drawback of 19.Rd2
is clear now.}) (20. Kb1 cxd6 21. g4 d5 $1 $19) (20. Qd3 cxd6 21. Nxd6+ Nxd6
22. Bxd6 Qf6 $19) 20... Nxg3 21. Nxg3 Qxg3 {White is forced to exchange queens
to avoid the worst.} 22. Qg4+ Qxg4 23. hxg4 Be5 $1 24. Rf2 (24. c5 Bxf1 25.
Rxf1 Rd7 $17) 24... cxd6 25. Rxf7 Rd7 26. Rxd7 Kxd7 {White is a pawn down
without any compensation and his chances for a draw are quite murky.} 27. Bb2
Ke6 28. Bg2 c5 29. Rf1 Bxb2+ 30. Kxb2 Bc8 31. a3 Ke5 {[%csl Rg4]} 32. g5 h6 33.
gxh6 Rxh6 {Black's extra passed pawn should decide the game in his favour, but
the winning process is far from easy.} 34. Bd5 Rh2+ 35. Kc3 Rh3+ ({Less
accurate is} 35... Bf5 {[%csl Rc3][%cal Gh2c2]} 36. Re1+ Kf6 37. b4) 36. Kb2
Bf5 $2 {This is probably a serious inaccuracy.} ({Black should prevent white's
counterplay by} 36... a5) 37. b4 Kd4 (37... g5 38. b5 g4 39. a4 g3 40. a5 $132
{[%csl Ga5,Gb5]}) 38. Rf2 Re3 39. b5 $1 {The pawns "a" and "b" gives white a
counterplay, as there is a chance for him to organize a passed pawn.} Re1 {
Black is going for a maximum trying to create threats against the white king
even with such a reduced material.} 40. a4 Rb1+ 41. Ka2 Rb4 42. Ka3 Bd3 43.
Rf4+ Kc3 {Black's piece play is very harmonious, but he can't really make a
mating net for white's king without his opponent's help...} 44. a5 Rb3+ 45. Ka2
Rb2+ 46. Ka3 Rb3+ (46... g5 47. Rg4 Rb3+ 48. Ka2 {and white survives.}) 47. Ka2
Kb4 (47... Bb1+ 48. Ka1 Kb4 49. b6 axb6 50. a6 {[%csl Ga6]}) 48. a6 $2 {
The decisive mistake.} (48. Rf3 $1 Rc3 (48... Bxc4 49. Rf4 $11 {[%csl Rc4]}) (
48... g5 49. b6 $11) 49. Kb2 Rc2+ 50. Kb1 Bxc4 51. Bxc4 Rxc4 52. b6 axb6 53.
axb6 Re4 54. b7 Re8 55. Rd3 Rb8 56. Rxd6 Rxb7 57. Rxg6 $11) 48... g5 49. Rg4 (
49. Rf3 Bxc4 {Compared to 48.Rf3 white does not have the move Rf4 now.} 50.
Rxb3+ Bxb3+ 51. Bxb3 Kxb5 52. Be6 Kxa6 $19) 49... Ra3+ 50. Kb2 Rb3+ 51. Ka2
Bb1+ $1 52. Ka1 Ka3 {White's king is now in the mating net.} 53. Rxg5 $2 {
Blundering the mate.} ({The only move was} 53. Rg2 {but black is winning
anyway anyway, and can safely advance his passed pawn} g4 {The pawn is taboo
in view of the same mating net as occurred in the game...}) {[%tqu "En","Can
you spot a forced mate?","","","b1d3","",5,"b1d3","",0]} 53... Bd3 $1 {[%mdl
4096]} (53... Bd3 54. Rg1 Rb2 {and 55...Ra2#.}) 0-1

[Event "Selfoss Milk Masters 1st"]
[Site "Selfoss"]
[Date "2002.10.08"]
[Round "1"]
[White "Oral, Tomas"]
[Black "Sokolov, Ivan"]
[Result "0-1"]
[WhiteElo "2546"]
[BlackElo "2684"]
[Annotator "Postny,E"]
[PlyCount "82"]
[EventDate "2002.10.08"]
[EventType "tourn"]
[EventRounds "9"]
[EventCountry "ISL"]
[EventCategory "12"]
[SourceTitle "CBM 092"]
[Source "ChessBase"]
[SourceDate "2003.02.06"]
[SourceVersion "1"]
[SourceVersionDate "2003.02.06"]
[SourceQuality "1"]

1. e4 e5 2. Nf3 Nc6 3. d4 exd4 4. Nxd4 Nf6 5. Nxc6 bxc6 6. e5 Qe7 7. Qe2 Nd5 8.
c4 Nb6 9. Nc3 Qe6 {Another popular theoretical line goes with 9...a5.} 10. Qe4
d5 {This line became fashionable this year. After the exchange of queens it's
very hard for white to get any significant plus.} ({The main alternatives are:
} 10... Ba6) (10... Bb4) 11. exd6 cxd6 12. Bf4 {This way white is aiming for
the long castle, but 12.Bd3 looks more promising. Since Sokolov was in trouble
against Rublevsky ten days earlier, it was worth to try 12.Bd3 to check out
Sokolov's improvement.} d5 (12... f5 13. Qxe6+ Bxe6 14. O-O-O Rd8 15. b3 Be7
16. h4 Kf7 17. Rh3 Rhe8 $11 {1/2-1/2 Minasian,A-Dervishi,E/Yerevan 2000/CBM 78
(55)}) 13. cxd5 Nxd5 (13... Qxe4+ $6 14. Nxe4 Bb4+ 15. Bd2 Bxd2+ 16. Kxd2 cxd5
$14 {1/2-1/2 Steflitsch,E-Kotz,H/AUT 2001/EXT 2002 (33)}) 14. Qxe6+ $146 (14.
Bd2 Nxc3 15. Qxe6+ Bxe6 16. Bxc3 Bd5 17. O-O-O f6 18. Ba6 Bc5 19. f3 Kf7 $11 {
1/2-1/2 Kotsur,P-Savon,V/Tula 2001/EXT 2002 (24)}) 14... Bxe6 15. Nxd5 Bxd5 {
Black's centralized Bd5 gives black full compensation for the slightly
inferior pawnstructure. It can be concluded, that black has solved the opening
problems.} 16. O-O-O Bc5 (16... Bxa2 $6 17. Ba6 Rd8 18. Rhe1+ Be7 19. Bb7 {
and white has the initiative.}) 17. Re1+ $5 {White is trying to fight for the
initiative, but he does not have any pre-conditions to do that.} (17. Rd2 O-O (
17... Bxa2 $4 18. b4 $18 {[%csl Ra2,Rc5]}) 18. f3 $11) 17... Kf8 {[%csl Ra2,
Rf2] Now white is forced to sacrifice one of his pawns, but Oral was certainly
aware of this.} (17... Kd7 $5 18. Bd3 $11 {[%cal Gd3f5]}) 18. Be3 ({Too
passive is} 18. Re2 $2 Re8) 18... Bb4 19. Rd1 Bxa2 20. Rd7 {[%csl Gd7,Rh8]
White has good compensation for the pawn, however it should not be sufficient
for more, than equality.} a5 21. Be2 Be6 22. Rc7 Rc8 (22... Bd5 $6 23. Rd1 {
[%cal Ge2f3]}) 23. Ra7 h5 24. Rd1 {Since the black B on e6 prevents the
doubling of white's rooks on the 7th rank, the best white can achieve is to
regain his pawn equalizing the position.} h4 25. Rc7 $6 {A strange decision.
White actually offers the exchange of his active R on the 7th rank for black's
passive one on h8. White had at least two feasible alternatives.} (25. Bb6 Rh6
26. Rd8+ Rxd8 27. Bxd8 {following by capturing the Pa5 and white is equalizing.
}) ({or} 25. Bf3) 25... Ke8 $6 {For obscure reasons black refuses to enter the
variation given below.} (25... Rxc7 26. Rd8+ Ke7 27. Rxh8 h3 28. g4 $15 {
White will regain his pawn, but black's position is certainly more pleasant
and harmonious.}) 26. Ra7 h3 27. g3 Kf8 28. Bg5 $2 {An artificial idea.} ({
Again} 28. Bb6 {was possible with similar variations as after 25.Bb6, but
probably Oral was playing for more, than equality and overestimated his
position.}) 28... Kg8 29. f4 $5 {White is consequently playing for the wild
idea. However the last move "burns the bridges" for the Bg5. On the other hand
the returning with the bishop is quite unattractive.} (29. Be3 Kh7 30. Bb6 Ra8
31. Rc7 Rhc8 $17) 29... f6 (29... Re8 {looks attractive for black as well, but
the move in the game is more concrete.}) 30. Bh4 $2 {This move is equivalent
to resignation. The white dark-squared B is completely out of business now.
White's position is hopeless.} ({Practically the best idea for white here
would be to continue his aggression with:} 30. f5 Bb3 (30... Bxf5 $2 31. Bc4+
Kf8 32. Rf7+ Ke8 33. Bd2 $40) 31. Rd3 (31. Rdd7 fxg5 32. Rxg7+ Kf8 $19) 31...
Bc4 (31... Bd5 $2 32. Bf4 Kh7 33. Bh5 $44) 32. Rd8+ $1 (32. Rdd7 Bxe2 33. Rxg7+
Kf8 34. Bxf6 Rg8 35. Rh7 (35. Raf7+ Ke8 36. Re7+ (36. Rxg8+ Kxf7 37. Rxc8 Kxf6
38. Rxc6+ Kxf5 $19 {[%csl Rh2,Gh3]}) 36... Bxe7 37. Rxe7+ Kf8 38. Rxe2 Re8 $17)
35... Bc4 36. Bg7+ Rxg7 $1 37. Rhxg7 Bc5 38. Rad7 Rd8 $19) 32... Rxd8 33. Bxc4+
Kf8 34. Be3 {White has some compensation for the material deficit, since
black's Rh8 is still stuck in the corner. It's hard to say, what white's
initiative is really worth, but it's clearly better, than the continuation in
the text.}) 30... Re8 $1 $19 31. Kc2 $6 {Now white is losing his Ph2 by force,
however there was no significant improvement for him.} (31. Bd3 Rh5 $1 $19 {
[%cal Gh5c5] It's very illuminating to compare this position to the one about
only four moves ago. White has "managed" to "bury" his bishop on h4, while
black has rescued his problematic R from the corner.} 32. Bg6 Rc5+ 33. Kb1 Rb8
$40) 31... Bf5+ 32. Bd3 Re2+ 33. Kc1 Bxd3 34. Rxd3 Rxh2 {[%csl Gh3] Black's
"h" pawn quickly decides the game in his favour.} 35. Rd8+ (35. Rdd7 Bf8 $19)
35... Kh7 36. Rdd7 Rg8 (36... Rg2 37. Rxg7+ Kh6 {[%csl Gh3][%cal Rh3h1]}) 37.
Bxf6 Kg6 38. Be5 Rh1+ 39. Kc2 h2 40. Rxg7+ Rxg7 41. Rxg7+ Kh6 0-1